Hitler and the peasants : (Record no. 192565)

MARC details
000 -LEADER
fixed length control field 01384nam a2200361 a 4500
001 - CONTROL NUMBER
control field vtls000188695
003 - CONTROL NUMBER IDENTIFIER
control field NLI
005 - DATE AND TIME OF LATEST TRANSACTION
control field 20210602111623.0
008 - FIXED-LENGTH DATA ELEMENTS--GENERAL INFORMATION
fixed length control field 101125s1990 nyua 001 0 eng
020 ## - INTERNATIONAL STANDARD BOOK NUMBER
International Standard Book Number 085496620X
039 #9 - LEVEL OF BIBLIOGRAPHIC CONTROL AND CODING DETAIL [OBSOLETE]
-- 201011252241
-- VLOAD
040 0# - CATALOGING SOURCE
Original cataloging agency NLI
Language of cataloging eng
Transcribing agency Datasoft 1
Description conventions AACR2
041 1# - LANGUAGE CODE
Language code of text/sound track or separate title eng
044 ## - COUNTRY OF PUBLISHING/PRODUCING ENTITY CODE
MARC country code nyu
082 04 - DEWEY DECIMAL CLASSIFICATION NUMBER
Classification number 338.180943
100 1# - MAIN ENTRY--PERSONAL NAME
Personal name Corni, Gustavo,
Dates associated with a name 1952-
9 (RLIN) 362844
245 10 - TITLE STATEMENT
Title Hitler and the peasants :
Remainder of title agrarian policy of the Third Reich, 1930-1939 /
Statement of responsibility, etc. Gustavo Corni ; translated by David Kerr
260 ## - PUBLICATION, DISTRIBUTION, ETC.
Place of publication, distribution, etc. New York :
Name of publisher, distributor, etc. Berg,
Date of publication, distribution, etc. 1990
300 ## - PHYSICAL DESCRIPTION
Extent xviii, 303 p. :
Other physical details ill. ;
Dimensions 22 cm.
504 ## - BIBLIOGRAPHY, ETC. NOTE
Bibliography, etc. note Includes bibliographical references and index
600 10 - SUBJECT ADDED ENTRY--PERSONAL NAME
Personal name Hitler, Adolf,
Dates associated with a name 1889-1945
9 (RLIN) 83228
650 #0 - SUBJECT ADDED ENTRY--TOPICAL TERM
Topical term or geographic name entry element Peasants
General subdivision Government policy
Geographic subdivision Germany
General subdivision History
Chronological subdivision 20th century
9 (RLIN) 362845
650 #0 - SUBJECT ADDED ENTRY--TOPICAL TERM
Topical term or geographic name entry element Agriculture and state
Geographic subdivision Germany
General subdivision History
Chronological subdivision 20th century
9 (RLIN) 362846
650 #0 - SUBJECT ADDED ENTRY--TOPICAL TERM
Topical term or geographic name entry element Forced labor
Geographic subdivision Germany
General subdivision History
Chronological subdivision 20th century
9 (RLIN) 362847
651 #0 - SUBJECT ADDED ENTRY--GEOGRAPHIC NAME
Geographic name Germany
General subdivision Politics and government
Chronological subdivision 1933-1945
9 (RLIN) 194117
700 1# - ADDED ENTRY--PERSONAL NAME
Personal name Kerr, David,
Relationship trl
9 (RLIN) 362848
887 ## - NON-MARC INFORMATION FIELD
Content of non-MARC field
901 ## - LOCAL DATA ELEMENT A, LDA (RLIN)
a 516229
b 08.01.1992
902 ## - LOCAL DATA ELEMENT B, LDB (RLIN)
a E 338.180943 C 813
942 ## - ADDED ENTRY ELEMENTS (KOHA)
Source of classification or shelving scheme Dewey Decimal Classification
Koha item type Books
949 ## - LOCAL PROCESSING INFORMATION (OCLC)
-- VIRTUAITEM
-- 10000
-- 100
6 PUR000516229ENG
Holdings
Withdrawn status Lost status Damaged status Not for loan Collection code Home library Current library Shelving location Date acquired Total Checkouts Full call number Barcode Date last seen Price effective from Koha item type
        New English National Library of India National Library of India New English - Main Stack Division     E 338.180943 C 813 PUR000516229ENG 02/06/2021 02/06/2021 Books
                                                                           
web counter

Copyright ©2020 The National Library of India, Govt. of India ↔ Hosted by NVLI, MOC ↔ Technology and Design by National Library of India, Ministry of Culture, Govt. of India